effectiveness on different nitrogen rate combines with phosphorus 60Kg and potassium 45Kg per hectare on phka rumdol rice in wet season condition on prateahlang soil in takeo province ប្រសិទ្ធភាពកម្រិតអាសូតផ្សេងៗគ្នាផ្សំជាមួយផូស្វ័រ៦០គីឡូក្រាមនិងប៉ូតាស្យូម៤៥គីឡូក្រាមក្នុងមួយហិចតា លើពូជស្រូវរំផ្កាដួលក្នុងលក្ខខណ្ឌរដូវវស្សា លើជីប្រទះឡាននៅខេត្តតាកែវ (Record no. 17929)

000 -LEADER
fixed length control field 01057nam a22001577a 4500
003 - CONTROL NUMBER IDENTIFIER
control field OSt
005 - DATE AND TIME OF LATEST TRANSACTION
control field 20190624154653.0
008 - FIXED-LENGTH DATA ELEMENTS--GENERAL INFORMATION
fixed length control field 190624b xxu||||| |||| 00| 0 eng d
040 ## - CATALOGING SOURCE
Transcribing agency RUA
082 ## - DEWEY DECIMAL CLASSIFICATION NUMBER
Classification number AGR KHE 2017 B633 Or.1
100 ## - MAIN ENTRY--PERSONAL NAME
9 (RLIN) 13594
Personal name KHEAV MAKAVA ខៀវ មករា
245 ## - TITLE STATEMENT
Title effectiveness on different nitrogen rate combines with phosphorus 60Kg and potassium 45Kg per hectare on phka rumdol rice in wet season condition on prateahlang soil in takeo province ប្រសិទ្ធភាពកម្រិតអាសូតផ្សេងៗគ្នាផ្សំជាមួយផូស្វ័រ៦០គីឡូក្រាមនិងប៉ូតាស្យូម៤៥គីឡូក្រាមក្នុងមួយហិចតា លើពូជស្រូវរំផ្កាដួលក្នុងលក្ខខណ្ឌរដូវវស្សា លើជីប្រទះឡាននៅខេត្តតាកែវ
260 ## - PUBLICATION, DISTRIBUTION, ETC. (IMPRINT)
Place of publication, distribution, etc. phnom penh
Name of publisher, distributor, etc. RUA
Date of publication, distribution, etc. 2017
300 ## - PHYSICAL DESCRIPTION
Extent xiv;64p
Other physical details ill;
Dimensions 29cm
942 ## - ADDED ENTRY ELEMENTS (KOHA)
Source of classification or shelving scheme
Koha item type AGR
Holdings
Price effective from Date last seen Permanent Location Not for loan Date acquired Source of classification or shelving scheme Koha item type Lost status Withdrawn status Date last checked out Total Checkouts Shelving location Damaged status Barcode Current Location Full call number
2019-06-242019-06-24Library Block B 2019-06-24 AGR    B633 A42182Library Block BAGR KHE 2017 B633 Or.1
2019-06-242019-06-24Library Block B 2019-06-24 AGR    B633 A42037Library Block BAGR KHE 2017 B633 Or.2
2019-06-242019-06-24Library Block B 2019-06-24 AGR    B633 A42112Library Block BAGR KHE 2017 B633 Or.3
2019-06-242019-06-24Library Block B 2019-06-24 AGR    B633 A42262Library Block BAGR KHE 2017 B633 Or.4
2019-06-242019-06-24Library Block B 2019-06-24 AGR    B633 A42337Library Block BAGR KHE 2017 B633 Or.5
2019-06-242025-04-21Library Block B 2019-06-24 AGR  2025-03-261B633 A42459Library Block BAGR KHE 2017 B633 Or.6
មជ្ឈមណ្ឌលឯការនៃសាកលវិទ្យាល័យភូមិន្ទកសិកម្មចំការដូង

Powered by Koha